Statystyki dla Państwa leżące na równiku

Kliknij tutaj aby rozwiązać quiz!

Ogólne statystyki

  • Ten quiz został rozwiązany 5 331 razy
  • Średni wynik to 8 z 11

Statystyki odpowiedzi

Kraj% Poprawnych
Brazylia
95%
Demokratyczna Republika
Konga
89%
Indonezja
87%
Kongo
84%
Ekwador
77%
Kenia
76%
Kolumbia
76%
Gabon
59%
Somalia
59%
Uganda
58%
Wyspy Świętego Tomasza
i Książęca
21%

Rozkład punktacji

Percentyl według liczby udzielonych odpowiedzi

Procent ludzi z każdym wynikiem

Twoja historia wyników

Nie rozwiązałeś tego quizu